000 00855nam a22002297a 4500
999 _c15310
_d15310
003 AR-CdUCM
008 190426b ||||| |||| 00| 0 spa d
020 _a978-607-618-811-8
040 _aMUNICIPALIDAD PROVINCIAL DEL CUSCO
_cBIBLIOTECA MUNICIPAL DEL CUSCO
082 _aPI / 376.1 /
_bS55
245 _aMi cajita de animales asombrosos /
260 _aMéxico :
_bAuzou,
_c2016.
300 _b4 cajitas de libros de animales,
_c32 cm.
500 _aNo cuenta con numeración de paginas
505 _aContenido: v.1: Animales marinos -- v.2: Animales de compañía -- v.3: Animales de la sabana -- v.4: Animales de la granja.
650 _aCajitas
_934357
650 _aPrimera infancia
_924660
650 _aAnimales asombrosos
_934358
700 _aBlanco Quiroz, Gema (traducción)
_934359
942 _2ddc
_cLIBROS
945 _adavv
_d26/04/2019